| 000 | 00471cam a2200181ua 4500 | ||
|---|---|---|---|
| 041 |
_aeng _h |
||
| 082 |
_a612.3 _bBRI/NU |
||
| 100 | _aBriggs, George M . | ||
| 245 |
_aNutrition and physical fitness / _cGeorge M Briggs. _hTextual Documents |
||
| 250 |
_a11 / _b. |
||
| 260 |
_aNew Delhi : _bC B S Publishers & Distributers , _c1984. |
||
| 300 | _a623 ; . | ||
| 500 | _a** Reference | ||
| 504 | _a | ||
| 700 | 1 | _aCalloway, . | |
| 942 | _cBK | ||
| 999 |
_c7581 _d7581 |
||